Bowling Knowledge Quiz - Statistics

General Stats
  • This quiz has been taken 341 times
  • The average score is 10 of 17
Answer Stats
Definition Term % Correct
Often considered the hardest Single-Pin spare for a righty. 10 Pin
89%
How many points is in a perfect game? 300
88%
Often considered the hardest spare in the game. 7-10 Split
83%
Where the ball goes if it doesn't stay on the lane until the pins. Gutter
80%
The area between the 1-3 for righty bowlers and the 1-2 for lefty bowlers. Pocket
80%
How many total PINS (not points) are needed for a perfect game. 120
78%
Who is often considered the best two-handed bowler in the world? Jason Belmonte
67%
The center of a bowling ball. Core
63%
Nickname of the 4-6-7-9-10 split. Greek Church
57%
Hitting the 1-2 for a righty or the 1-3 for a lefty. Brooklyn
56%
Format where bowlers each bowl every 5th frame. Baker
55%
Another term for a left-handed bowler. Southpaw
44%
Spare where one pin is covering the other. Examples would include the 3-9 or the 2-8. Sleeper
43%
Material used on the inside of some spare balls or house balls. Urethane
31%
Spares including the 1-2-4-10, 1-3-6-10, ect. Washout
31%
Area at the end of the lane where the pins rest. Pin Deck
24%
Dark boards in line with the 2nd and 3rd arrows. Break Point
8%
No matching quizzes found
Score Distribution
Percent of People with Each Score
Percentile by Number Answered
Your Score History
You have not taken this quiz